1302 1448 1910 1436 1032 1929 1128 1407 1656 1803 1179 1862 1210 1480 1712 1862 1987 1742 1498 1951 1781 1503 1885 1363 1482 1515 1366 1914 1240 1039 1034 1966 1211 1917 1885 1238 1746 1574 1651 1172 1103 1794 1062 1046 1101 1255 1988 1156 1928 1907 1940 1478 1887 1316 1991 1670 1175 1565 1171 1541 1698 1409 1017 1884 1638 1759 1936 1263 1289 1359 1068 1374 1493 1481 1550 1938 1820 1933 1913 1783 1606 1128 1778 1364 1972 1347 1753 1283 1659 1911 1788 1456 1196 1445 1204 1659 1769 1352 1179 BCNSPRNW ULIB Ver.6.0+V

เปลี่ยนเป็นภาษาไทย

Change to English
 แสดงรายละเอียดบรรณานุกรม
  กลับหน้าหลัก

Brief Record : Get Marc (ISO 2709) : E-mail record : QR code < ปิดหน้าต่าง
LEADER : 00000nas 2200000uu 4500
001    13399129153
003     ULIB
008    250729s||||||||th 000 0 tha d
022 0  ^a30570816
245 00 ^aวารสารสถาบันราชประชาสมาสัย/^cกรมควบคุมโรค กระทรวงสาธารณสุข
260    ^aนนทบุรี :^bกรมควบคุมโรค กระทรวงสาธารณสุข ;^c2567
310    ^aรายสี่เดือน
850 ^a ULIB^bปีที่ 8 ฉบับที่ 1 ฉ.1
945    ^p0^l0^i906416
999    ^aประนอม เกษจรัล
รายการนี้ยังไม่มีแท็ก
คุณยังไม่ได้ล็อกอิน คุณสามารถมีกิจกรรมร่วมกับเว็บไซต์ได้ แต่ต้องล็อกอินก่อน ::
  ล็อกอิน

รายการสื่อสารสนเทศ (วารสาร)

ดูแบบ: กล่อง รายการ
ARRIVED
ปีที่ 8 ฉบับที่ 1 ฉ.1
สถานที่: ห้องสมุดวิทยาเขตสวรรค์ประชารักษ์ >วารสาร

BibComment


ยังไม่เคยถูกคอมเมนท์

คอมเมนท์ทรัพยากรรายการนี้
  คอมเมนท์: วารสารสถาบันราชป..


 Copyright 2026. Bcnsprnw @Library